El anticristo: una maldición sobre el cristianismo

保存先:
書誌詳細
フォーマット: 図書
言語:スペイン語
出版事項: Madrid Alba 1998
シリーズ:Grandes Obras de la Literatura
主題:
タグ: タグ追加
タグなし, このレコードへの初めてのタグを付けませんか!

MARC

LEADER 00000cam a2200000 a 4500
001 UCL6937
003 CL-VaPUC
008 040423e19980000SP |||||||||||||||||spa|d
020 |a 8492143185 
082 0 4 |a 193  |b NIE  |2 21 
245 1 3 |a El anticristo: una maldición sobre el cristianismo 
300 |a 128 p 
942 |c BK 
945 |d 20040423 00:00:00  |a cmena 
260 |a Madrid  |b Alba  |c 1998 
650 0 |a Existencialismo  |9 265698 
650 0 |a Filosofía alemana   |9 265002 
583 |a last modification  |c 20160711 02:52:38  |k Rodrigo Vera 
490 0 |a Grandes Obras de la Literatura 
999 |c 308814  |d 308812 
952 |0 0  |1 0  |3 erd  |4 0  |6 193_000000000000000_NIE_1998  |7 0  |8 A  |9 375681  |a FDOHBE  |b FDOHBE  |e Huesbe Llanos, Marco Antonio, 1934-  |i 533120K  |o 193 NIE 1998  |p 533120K  |r 2024-01-30  |w 2019-11-21  |y BK  |z Catalogado en:20160713  |k HBE